UM Logo

Performance assessment: (Record no. 630)

MARC details
000 -LEADER
fixed length control field 00483nam a22001457a 4500
008 - FIXED-LENGTH DATA ELEMENTS--GENERAL INFORMATION
fixed length control field 160114b xxu||||| |||| 00| 0 eng d
020 ## - INTERNATIONAL STANDARD BOOK NUMBER
International Standard Book Number 0078254531
082 ## - DEWEY DECIMAL CLASSIFICATION NUMBER
Edition number [2009]
Classification number DK12 507
Item number P41
245 ## - TITLE STATEMENT
Title Performance assessment:
Remainder of title in the science classroom/
260 ## - PUBLICATION, DISTRIBUTION, ETC. (IMPRINT)
Place of publication, distribution, etc. New York, New York:
Name of publisher, distributor, etc. The McGraw-Hill Companies, Inc.,
Date of publication, distribution, etc. [c2009]
300 ## - PHYSICAL DESCRIPTION
Extent iv, 188 pages:
Other physical details illustrations;
Dimensions 28 cm.
440 ## - SERIES STATEMENT/ADDED ENTRY--TITLE
9 (RLIN) 1657
Title Glencoe Science
650 #0 - SUBJECT ADDED ENTRY--TOPICAL TERM
9 (RLIN) 1658
Topical term or geographic name as entry element Science
General subdivision Study and teaching
942 ## - ADDED ENTRY ELEMENTS (KOHA)
Source of classification or shelving scheme Dewey Decimal Classification
Koha item type Circulation
Holdings
Withdrawn status Lost status Source of classification or shelving scheme Damaged status Not for loan Collection code Home library Current library Shelving location Date acquired Source of acquisition Total Checkouts Full call number Barcode Date last seen Date last checked out Copy number Price effective from Koha item type
    Dewey Decimal Classification     K-12 UM Digos College - LIC UM Digos College - LIC Book Cart 08/12/2015 Purchased 1 DK12 507 P41 [2009] 23142 05/15/2025 10/09/2018 1 01/14/2016 Circulation
    Dewey Decimal Classification     K-12 UM Digos College - LIC UM Digos College - LIC Book Cart 08/12/2015 Purchased   DK12 507 P41 2009 22907 05/15/2025   2 02/02/2016 Circulation